| 000 | 00633nam a2200181 i 4500 | ||
|---|---|---|---|
| 001 | 95427 | ||
| 003 | ES-MaACL | ||
| 005 | 20230906181713.0 | ||
| 007 | t| | ||
| 008 | 050530m19551968sp ||||1| spa d | ||
| 100 | 1 |
_aLlabrés Bernal, Juan. _972635 |
|
| 245 | 1 | 0 |
_aDe la Marina de antaño _b: notas para la historia de Menorca (1769-1905) / _carticulos publicados en la prensa por Juan Llabrés. |
| 260 |
_aPalma de Mallorca : _b[s.n.], _c1955-68 ( _fImp. Soler) |
||
| 300 |
_a2 v. ; _c24 cm. |
||
| 505 | 8 | _aContiene: 1. (1769-1905) 2. (siglos XVIII y XIX) | |
| 651 | 4 |
_aMenorca- _xHistoria. _9137257 |
|
| 852 |
_aES-MaACL _jE-4031-32 |
||
| 999 |
_c95427 _d95427 |
||